OT 2025 Gala 1 - Estadísticas

Estadísticas generales
  • Esta prueba ha sido intentada 94 veces
  • La puntuación promedio es 7 de 9
Estadísticas de respuestas
Concursantes Cantante Real Canción % Correcto
Guille Toledano & Crespo Marc Seguí & Pablo Alborán Mariposas
94%
Grupal (Todos) Sonia y Selena Yo quiero bailar
94%
Judit & Claudia Arenas Ana Mena & Emilia Carita Triste
93%
Cristina & Guillo Rist Rosé & Bruno Mars APT
88%
Téyou & María Cruz Judeline Canijo
86%
Max & Salma de Diego Charlie Puth & Selena Gómez We Don't Talk Anymore
77%
Iván Rojo & Olivia Artemas I Like the Way You Kiss Me
74%
Carlos Fustel & Lucía Casani Manuel García & Mon Lafarte La danza de las libelulas
65%
Tinho & Laura Muñoz Phil Collins Against All Odds (Take a Look at Me Now)
49%
No se encontraron pruebas coincidentes
Distribución de puntuación
Porcentaje de gente con cada puntuación
Porcentaje por número respondido
Historial de tus puntuaciones
No has intentado esta prueba.